| 000 | 00398nam a2200121Ia 4500 | ||
|---|---|---|---|
| 008 | 171212s9999 xx 000 0 und d | ||
| 020 | _a9781922064479 | ||
| 100 | _aHancock, Keith | ||
| 245 |
_cHancock, Keith _aAustralian Wage Policy _bInfancy and Adolescence |
||
| 260 |
_bUniversity of Adelaide Press _c2013 |
||
| 650 | _aPolitical Science | ||
| 856 | _uhttp://jstor.org/stable/10.20851/j.ctt1t304nc | ||
| 999 |
_c352902 _d352902 |
||